Young samurai : (Record no. 4898)

MARC details
000 -LEADER
fixed length control field 01056cam a2200277 4500
001 - CONTROL NUMBER
control field 5805
005 - DATE AND TIME OF LATEST TRANSACTION
control field 20181127180305.0
008 - FIXED-LENGTH DATA ELEMENTS--GENERAL INFORMATION
fixed length control field 100701r20112010nyu j 000 1 eng
010 ## - LIBRARY OF CONGRESS CONTROL NUMBER
LC control number 2010025175
020 ## - INTERNATIONAL STANDARD BOOK NUMBER
International Standard Book Number 9780141324326
100 1# - MAIN ENTRY--PERSONAL NAME
Personal name Bradford, Chris.
245 10 - TITLE STATEMENT
Title Young samurai :
Remainder of title the way of the dragon /
Statement of responsibility, etc. Chris Bradford.
246 30 - VARYING FORM OF TITLE
Title proper/short title Way of the dragon
250 ## - EDITION STATEMENT
Edition statement 1st U.S. ed.
260 ## - PUBLICATION, DISTRIBUTION, ETC.
Place of publication, distribution, etc. New York :
Name of publisher, distributor, etc. Disney/Hyperion Books,
Date of publication, distribution, etc. c2008, 2010.
300 ## - PHYSICAL DESCRIPTION
Extent 431 p. ;
Dimensions 22 cm.
520 ## - SUMMARY, ETC.
Summary, etc. In 1613 Japan, English orphan Jack Fletcher's determination to keep the rutter, his father's navigational logbook, safe at all costs places his friends, daimyo Takatomi, and others in great danger.
650 #1 - SUBJECT ADDED ENTRY--TOPICAL TERM
Topical term or geographic name entry element Adventure and adventurers
Form subdivision Fiction.
Topical term or geographic name entry element British
Geographic subdivision Japan
Form subdivision Fiction.
Topical term or geographic name entry element Martial arts
Form subdivision Fiction.
Topical term or geographic name entry element Ninja
Form subdivision Fiction.
Topical term or geographic name entry element Orphans
Form subdivision Fiction.
Topical term or geographic name entry element Samurai
Form subdivision Fiction.
651 #1 - SUBJECT ADDED ENTRY--GEOGRAPHIC NAME
Geographic name Japan
General subdivision History
Chronological subdivision Tokugawa period, 1600-1868
Form subdivision Fiction.
800 ## - SERIES ADDED ENTRY--PERSONAL NAME
Personal name Bradford, Chris. Young samurai ; bk. 3.
Dates associated with a name
Fuller form of name
Title of a work
Volume/sequential designation
Holdings
Withdrawn status Lost status Source of classification or shelving scheme Damaged status Not for loan Collection code Home library Current library Shelving location Date acquired Serial Enumeration / chronology Inventory number Total Checkouts Total Renewals Full call number Barcode Date last seen Date last checked out Price effective from Koha item type
    Dewey Decimal Classification     Fiction RTC Library RTC Library Fiction 07/04/2022 9258 5 4 FIC 813.54 BRA 30009434 04/12/2025 19/11/2025 27/11/2018 Fiction
Royal Thimphu College || All Right Reserved